| 000 | 00603nam a2200193 u 4500 | ||
|---|---|---|---|
| 005 | 20240228063941.0 | ||
| 008 | 080624s2007 ea r 000 0 spa d | ||
| 020 | _a140426602X | ||
| 035 | _aUPN01000157438 | ||
| 049 | _aI | ||
| 050 | 4 |
_aPZ71 _bW4.5 |
|
| 100 | 1 |
_aWilliams, Zachary _931964 |
|
| 245 | 1 | 3 |
_aLa moneda perdida / _cZachary Williams ; tr. Lissette Iluminada González. |
| 260 |
_aNew York : _bRosen Classroom Books& Materials, _cc2007. |
||
| 300 |
_a8 p. : _bprincipalmente il. col. |
||
| 440 | 0 | _aLecturas del barrio | |
| 650 | 4 |
_aLibros y lectura para niños _92290 |
|
| 905 | _aInfantil | ||
| 999 |
_c129552 _d129552 |
||